000 00649nam a2200253Ia 4500
003 OSt
005 20221007103700.0
006 a|||||r|||| 00| 0
007 ta
008 221006b |||||||| |||| 00| 0 eng d
024 _a13,741
037 _cTextual
040 _aLCO
_cLCO
_beng
041 _2eng
_aeng
082 _aZ251,21,3qN58, M0
100 _aJaspal Singh
245 0 _aDelhi Rent Control Act
250 _a2nd
260 _aDelhi
_bPioneer Publications India
_c1980
300 _a638
650 _aRENT CONTROL ACT
942 _hZ251,21,3qN58, M0
_cTEXL
999 _c1183304
_d1183304